Gemeinden Landkreis Lindau - Statistiken

Allgemein
  • Dieses Quiz wurde 58 mal gespielt
  • Das Durchschnittsergebnis liegt bei 9 aus 19
Antwortstatistiken
Einwohner Gemeindeart Gemeindename % Korrekt
25.512 Große Kreisstadt Lindau (Bodensee)
95%
11.525 Stadtgemeinde Lindenberg im Allgäu
76%
3.846 Gemeinde Wasserburg (Bodensee)
68%
6.325 Marktgemeinde Weiler-Simmerberg
59%
1.764 Gemeinde Nonnenhorn
56%
4.302 Marktgemeinde Scheidegg
54%
2.638 Gemeinde Weißensberg
49%
3.046 Gemeinde Bodolz
46%
2.422 Gemeinde Hergatz
46%
3.581 Marktgemeinde Heimenkirch
41%
2.306 Gemeinde Opfenbach
41%
1.885 Gemeinde Röthenbach (Allgäu)
41%
1.893 Gemeinde Hergensweiler
39%
2.974 Gemeinde Sigmarszell
37%
1.510 Gemeinde Grünenbach
24%
1.611 Gemeinde Maierhöfen
24%
1.672 Gemeinde Oberreute
24%
1.886 Gemeinde Stiefenhofen
22%
1.283 Gemeinde Gestratz
20%
Keine übereinstimmenden Quizze gefunden
Verteilung der Resultate
Anzahl Personen mit jedem Resultat
Perzentil nach korrekt beantworteten Fragen
Ihre Resultats-Entwicklung
Sie haben dieses Quiz noch nicht gespielt